Bibliotekarstwo wiejskie za granicą materiały z międzynarodowego sympozjum w Tatrzańskiej Łomnicy 28.-31. V. 1969

Bibliographic Details
Format: Book
Language:Polish
Published: Warszawa Biblioteka Narodowa 1970
Series:Zeszyty przekładów
Subjects:

MARC

LEADER 00000nam a2200000 a 4500
001 vtls001442354
003 SK-MaSNL
005 20260302072836.0
008 251113sm y0 PL r 0 pol
035 |a SNK000397567 
040 |a SNK  |b slo  |c SNK  |e AACR2 
043 |a e------ 
044 |a PL 
072 7 |a 02  |x Knihovníctvo. Informatika  |2 konspekt 
080 |a 02  |2 1981 
080 |a (4)  |2 1981 
080 |a (063)  |2 1981 
245 1 |a Bibliotekarstwo wiejskie za granicą  |b materiały z międzynarodowego sympozjum w Tatrzańskiej Łomnicy 28.-31. V. 1969  |c [kolektív prekladateľov] 
260 |a Warszawa  |b Biblioteka Narodowa  |c 1970 
300 |a 195 s.  |c 21 cm 
490 1 |a Zeszyty przekładów  |v Nr. 3(25) 1970 
650 0 7 |a knihovníctvo  |2 SNKPH  |9 1557 
651 7 |a Európa  |2 SNK  |9 167569 
655 7 |a zbierky  |2 SNK  |9 70533 
655 7 |a zborníky konferencií  |2 SNK  |9 70153 
830 0 |a Zeszyty przekładów  |9 520140 
999 |c 1158310  |d 1160240 
952 |t P60, <03>, [BOOK], {603}  |a SNK  |b SNK  |y PREZ  |7 0  |p 17A0096869  |o snkIC 130313  |i snkF 1317/2002  |0 0  |1 0  |4 0  |d 2002-10-11  |l 0  |r 2005-01-02 00:00:00  |w 2026-02-24